2009 (Record no. 109113)

MARC details
000 -LEADER
fixed length control field 01019cad a22002295a 4500
001 - CONTROL NUMBER
control field L146319
008 - FIXED-LENGTH DATA ELEMENTS--GENERAL INFORMATION
fixed length control field 090109s2008 xxkbdo f s 000 0 eng d
035 ## - SYSTEM CONTROL NUMBER
System control number (Sirsi) u146319
041 0# - LANGUAGE CODE
Language code of text/sound track or separate title eng
050 04 - LIBRARY OF CONGRESS CALL NUMBER
Classification number 333.33 $2 18
110 2# - MAIN ENTRY--CORPORATE NAME
Corporate name or jurisdiction name as entry element Grubb and Ellis
9 (RLIN) 5702
245 00 - TITLE STATEMENT
Title 2009
Remainder of title real estate forecast
Medium [electronic resource]
260 ## - PUBLICATION, DISTRIBUTION, ETC.
Place of publication, distribution, etc. [s.l]
Name of publisher, distributor, etc. Grubb & Ellis
Date of publication, distribution, etc. 2008
505 2# - FORMATTED CONTENTS NOTE
Formatted contents note Overview -- Office -- Industrial -- Retail -- Investment -- Company profile -- Grubb & Ellis research -- Office directory -- Contributors and sources
520 ## - SUMMARY, ETC.
Summary, etc. Forecast article makes wide-ranging predictions for the international commercial property market in 2009. Commentary is largely based on office, industrial, retails and investment property, with a focus on the US market.
521 ## - TARGET AUDIENCE NOTE
Target audience note Advanced
590 ## - LOCAL NOTE (RLIN)
Local note KA NTK
651 #4 - SUBJECT ADDED ENTRY--GEOGRAPHIC NAME
Geographic name International
690 ## - LOCAL SUBJECT ADDED ENTRY--TOPICAL TERM (OCLC, RLIN)
Topical term or geographic name as entry element PROPERTY-COMMERCIAL PROPERTY
856 40 - ELECTRONIC LOCATION AND ACCESS
Uniform Resource Identifier <a href="www.grubb-ellis.com/Forecast2009/Default.htm">www.grubb-ellis.com/Forecast2009/Default.htm</a>
Public note View the item free of charge at www.grubb-ellis.com...
942 ## - ADDED ENTRY ELEMENTS (KOHA)
Suppress in OPAC 0
Holdings
Withdrawn status Lost status Source of classification or shelving scheme Damaged status Not for loan Home library Current library Shelving location Date acquired Total Checkouts Full call number Barcode Date last seen Copy number Price effective from Koha item type
    Dewey Decimal Classification     Virtual Virtual Online 09/01/2009   ONLINE PUBLICATION 146319-1001 06/08/2019 1 06/08/2019 Book